Statistics for Cities to Countries - Asia

Click here to take the quiz!

General Stats

  • This quiz has been taken 20 times
  • The average score is 33 of 48

Answer Stats

City Country % Correct
Tel AvivIsrael
100%
─░zmirTurkey
100%
Sri Jayawardenepura KotteSri Lanka
100%
MeccaSaudi Arabia
100%
LahorePakistan
100%
DubaiUnited Arab Emirates
100%
SingaporeSingapore
100%
TbilisiGeorgia
100%
ManamaBahrain
100%
Ho Chi Minh CityVietnam
100%
BakuAzerbaijan
100%
Kuwait CityKuwait
100%
NagoyaJapan
100%
ThimphuBhutan
94%
Bandar Seri BegawanBrunei
94%
ChennaiIndia
94%
KabulAfghanistan
94%
BusanSouth Korea
88%
ChittagongBangladesh
88%
AlmatyKazakhstan
82%
BasraIraq
82%
Chiang MaiThailand
82%
ShirazIran
82%
TianjinChina
82%
Quezon CityPhilippines
76%
TurkmenabatTurkmenistan
76%
BandungIndonesia
76%
PaphosCyprus
71%
MandalayMyanmar
71%
RaqqaSyria
65%
TaichungTaiwan
53%
LalitpurNepal
47%
SidonLebanon
47%
Al WakrahQatar
47%
SavannakhetLaos
41%
HamhungNorth Korea
41%
BattambangCambodia
41%
ZarqaJordan
35%
Ta'izzYemen
35%
VanadzorArmenia
35%
IpohMalaysia
29%
BukharaUzbekistan
29%
BaucauTimor-Leste
29%
QurghonteppaTajikistan
29%
IbriOman
29%
OshKyrgyzstan
29%
ErdenetMongolia
24%
Addu CityMaldives
24%

Score Distribution

Percentile by Number Answered

Percent of People with Each Score

Your Score History

You have not taken this quiz